Dictionary of architecture and building construction (Record no. 108686)
[ view plain ]
| 000 -LEADER | |
|---|---|
| fixed length control field | 01245cad a22003015a 4500 |
| 001 - CONTROL NUMBER | |
| control field | L145073 |
| 008 - FIXED-LENGTH DATA ELEMENTS--GENERAL INFORMATION | |
| fixed length control field | 080904s2008 xxkade f 000 0 eng d |
| 020 ## - INTERNATIONAL STANDARD BOOK NUMBER | |
| International Standard Book Number | 9780080878744 |
| 035 ## - SYSTEM CONTROL NUMBER | |
| System control number | (Sirsi) u145073 |
| 041 0# - LANGUAGE CODE | |
| Language code of text/sound track or separate title | eng |
| 050 04 - LIBRARY OF CONGRESS CALL NUMBER | |
| Classification number | 720.03 $2 18 |
| 100 1# - MAIN ENTRY--PERSONAL NAME | |
| Personal name | Davies, Nikolas |
| 245 00 - TITLE STATEMENT | |
| Title | Dictionary of architecture and building construction |
| Medium | [electronic resource] |
| 260 ## - PUBLICATION, DISTRIBUTION, ETC. | |
| Place of publication, distribution, etc. | Oxford |
| Name of publisher, distributor, etc. | Architectural Press |
| -- | Elsevier |
| Date of publication, distribution, etc. | 2008 |
| 300 ## - PHYSICAL DESCRIPTION | |
| Extent | ix, 726p. |
| Other physical details | ill. $2 6cm. |
| 350 ## - PRICE (NR) (BK AM CF MU VM SE) [OBSOLETE] | |
| Price | £34.99 |
| 505 2# - FORMATTED CONTENTS NOTE | |
| Formatted contents note | Part I: A-Z entries -- Part II: Illustrations -- Part III: Tables, bibliography, architects and locations referred to in the illustrations |
| 520 ## - SUMMARY, ETC. | |
| Summary, etc. | Illustrated dictionary of terms related to architecture and building construction. Each of the 20,000 entries contains a definition, synonyms, and a reference to illustrations and tables where applicable. Contains 260 illustrated plates organised by subject. |
| 521 ## - TARGET AUDIENCE NOTE | |
| Target audience note | Advanced |
| 590 ## - LOCAL NOTE (RLIN) | |
| Local note | KA |
| 650 24 - SUBJECT ADDED ENTRY--TOPICAL TERM | |
| Topical term or geographic name entry element | EBOOK |
| 651 #4 - SUBJECT ADDED ENTRY--GEOGRAPHIC NAME | |
| Geographic name | International |
| 690 ## - LOCAL SUBJECT ADDED ENTRY--TOPICAL TERM (OCLC, RLIN) | |
| Topical term or geographic name as entry element | BUILT ENVIRONMENT-BUILDING ELEMENTS |
| 700 1# - ADDED ENTRY--PERSONAL NAME | |
| Personal name | Jokiniemi, Erkki |
| 856 40 - ELECTRONIC LOCATION AND ACCESS | |
| Uniform Resource Identifier | <a href="https://www.vlebooks.com/">https://www.vlebooks.com/</a> |
| Public note | View on VLEbooks. Logins for members only from [email protected] |
| 942 ## - ADDED ENTRY ELEMENTS (KOHA) | |
| Suppress in OPAC | 0 |
| Withdrawn status | Lost status | Damaged status | Not for loan | Home library | Current library | Shelving location | Date acquired | Cost, normal purchase price | Total Checkouts | Full call number | Barcode | Date last seen | Date last checked out | Copy number | Cost, replacement price | Price effective from | Koha item type | Source of classification or shelving scheme |
|---|---|---|---|---|---|---|---|---|---|---|---|---|---|---|---|---|---|---|
| Missing from bundle | London | London | Books | 19/09/2008 | 34.99 | 1 | 720.03 DAV | 30076153 | 06/08/2019 | 01/09/2009 | 1 | 34.99 | 06/08/2019 | Book | ||||
| Missing from bundle | London | London | Books | 19/09/2008 | 34.99 | 1 | 720.03 DAV | 30076154 | 06/08/2019 | 23/11/2009 | 2 | 34.99 | 06/08/2019 | Book | ||||
| Virtual | Virtual | Online | 17/10/2011 | EBOOK | 145073-3001 | 06/08/2019 | 1 | 06/08/2019 | Book | Dewey Decimal Classification |